Statistics for 4-Letter Random World Facts Chain

Click here to take the quiz!

General Stats

  • This quiz has been taken 39 times
  • The average score is 12 of 16

Answer Stats

ClueAnswer% Correct
Biggest continentAsia
100%
Capital of PeruLima
97%
Longest river?Nile
97%
A cardinal directionEast
94%
The only country that begins with "O"Oman
94%
...of Man, ...of Wight, etcIsle
86%
Country in AfricaTogo
81%
WWII alliance groupAxis
75%
Country in Indo-ChinaLaos
75%
French for "North"Nord
75%
Sea in Kazakhstan and UzbekistanAral
69%
Capital of QatarDoha
69%
Cheese in HollandEdam
64%
River in GermanyElbe
56%
Frankfurt am ____Main
56%
Islamic mysticismSufi
22%

Score Distribution

Percentile by Number Answered

Percent of People with Each Score

Your Score History

You have not taken this quiz